000
00309nam a2200157Ia 4500
100
_a
Dhaval Bathia
650
_a
Mathematics
942
_c
BK
366
_f
20
245
_a
Vedic Mathematics made easy
260
_b
Jaico
_c
2005
082
_a
511.33
300
_a
226
546
_a
ENGLISH
999
_c
23751
_d
23751